000 01151cam a2200289 a 4500
999 _c130088
_d130088
001 14750719
003 ARRUPE
005 20191127112429.0
008 070228s2004 rh ab 000 0 eng
010 _a 2007383069
020 _a177936010X
040 _aDLC
_cDLC
042 _alcode
043 _af-rh---
050 0 0 _aHN802.Z9
_bC6568 2004
245 0 0 _aRegenerating :
_btowards a new strategy of community education and communication /
_cACPD in association with CIVNET
260 _aHarare :
_bAfrica Community Pub. and Development Trust in assocociation with Africa Book Development Trust and Civic Education Network,
_c2004.
300 _a135 p. :
_bill., map ;
_c30 cm.
490 0 _aCommunity capacity building series
650 0 _aCommunity development
_zZimbabwe.
_911776
710 2 _aAfrica Community Publishing and Development Trust.
_948847
710 2 _aABDT (Organization : Zimbabwe)
_948848
710 2 _aChurch/NGO Civic Education Network.
_948849
906 _a7
_bcbc
_corigode
_d3
_encip
_f20
_gy-gencatlg
942 _2lcc
_cMONOGRAPH